000 00688nam a2200253 i 4500
001 C2-0286078
003 PPAK
005 20180728015621.0
008 080116s2006 nyu |||| ||||| | eng d
020 _a9780446698498
040 _aPPAK
_beng
_cPPAK
_erda
082 0 4 _a650.13
_223
090 0 0 _a650.13
_bCRO
_dLCK
100 1 _aCrowley, Katherine,
_eauthor
245 1 0 _aWorking with you is killing me
264 1 _aNew York :
_bWarner Business Books ,
_c2006
300 _axvii, 232 pages ;
_c23 cm
336 _2rdacontent
_atext
337 _2rdamedia
_aunmediated
338 _2rdacarrier
_avolume
650 1 0 _aPsychology, Industrial.
700 _eauthor
942 _ddc
_cB
999 _c91880
_d91880